| 000 | 01186cam a2200229 4500 | ||
|---|---|---|---|
| 001 | WB@3612-48 | ||
| 008 | 041013n2004 000 0 eng u | ||
| 035 | _a(Sirsi) u127687 | ||
| 245 | _aLibrary of packages | ||
| 260 | _c2004 | ||
| 490 |
_aBRE News Release _v6 October 2004 (2) |
||
| 520 | _aA new database has been developed by BRE to make it easier for housebuilders to adopt different methods of construction. The Library of Housing Construction Packages is available at: http://www.projects.bre.co.uk/library/ and will be continuously updated. The project has developed a library of measured process and resource data related to construction packages and tasks for a range of construction forms. It contains around 200 data packages from 14 different projects and process maps for each package, as well as issues that affected the construction process and digital photographs. http://www.bre.co.uk/news.jsp?id=254 | ||
| 590 | _aWB | ||
| 590 | _aWB | ||
| 650 | _aHOUSING DESIGN | ||
| 650 | _aHOUSE BUILDING | ||
| 650 | _aDEVELOPERS | ||
| 650 | _aHOUSE BUILDERS | ||
| 650 | _aCONSTRUCTION | ||
| 690 | _aBUILDING AND CONSTRUCTION-DESIGN AND STRUCTURES | ||
| 942 | _n0 | ||
| 999 |
_c118149 _d118149 |
||